Perkhidmatan Awam Malaysia : meningkatkan keutuhan pengurusan (pembaharuan dan kemajuan dalam Perkhidmatan Awam 1998)

Bibliographic Details
Corporate Author: Unit Pemodenan Tadbiran dan Perancangan Pengurusan Malaysia(MAMPU)
Format: Book
Published: Kuala Lumpur : Unit Pemodenan Tadbiran dan Perancangan Pengurusan malaysia(MAMPU) , 1999
Subjects:

MARC

LEADER 00000cam a2200000 7i4500
001 0000006645
005 20150819.0
020 |a 983982709X 
040 |a INS 
090 0 0 |a RJQ1062.A67   |b A22 1999 
245 1 0 |a Perkhidmatan Awam Malaysia :   |b meningkatkan keutuhan pengurusan (pembaharuan dan kemajuan dalam Perkhidmatan Awam 1998) 
260 |a Kuala Lumpur :   |b Unit Pemodenan Tadbiran dan Perancangan Pengurusan malaysia(MAMPU) ,   |c 1999 
300 |a 221 ms. ;   |c 21 cm. 
610 1 0 |a Malaysia .   |b Jabatan Perkhidmatan Awam 
650 0 0 |a Civil service reform   |z Malaysia 
650 0 0 |a Civil service   |z Malaysia 
650 0 0 |a Information technology 
651 0 |a Malaysia   |x Officials and employees 
651 0 |a Malaysia   |x Politics and government 
710 2 |a Unit Pemodenan Tadbiran dan Perancangan Pengurusan Malaysia(MAMPU) 
999 |a 0000007554   |b BOOK   |c Reference   |e Default branch 
999 |a 0000007555   |b BOOK   |c Reference   |e Default branch 
999 |a 0000022473   |b BOOK   |c Open Shelf   |e Default branch 
999 |a 0000023077   |b BOOK   |c Open Shelf   |e Default branch